| 000 | 00538nam a2200205Ia 4500 | ||
|---|---|---|---|
| 003 | OSt | ||
| 005 | 20240213112308.0 | ||
| 008 | 210210b1954 xxu||||| |||| 00| 0 eng d | ||
| 040 | _cAL | ||
| 041 | _aMalayalam | ||
| 082 | _a872/65 | ||
| 100 |
_aULLATIL GOVINDAN KUTTY NAIR _9150848 |
||
| 245 |
_aSahithya sancharam _bസാഹിത്യ സഞ്ചാരം |
||
| 260 |
_bNot Mentioned _c1954 |
||
| 650 |
_asancharam _9150849 |
||
| 650 |
_aSahithya _9150850 |
||
| 690 |
_aMalayalam _9150851 |
||
| 906 | _a002488 | ||
| 942 |
_2ddc _cBK |
||
| 999 |
_c124459 _d124459 |
||